Masculinities in politics and war : gendering modern history

Αποθηκεύτηκε σε:
Λεπτομέρειες βιβλιογραφικής εγγραφής
Άλλοι συγγραφείς: Dudink, Stefan (Επιμελητής έκδοσης), Hagemann, Karen (Επιμελητής έκδοσης), Tosh, John (Επιμελητής έκδοσης)
Μορφή: Βιβλίο
Γλώσσα:English
Δημοσίευση: Manchester : Manchester University Press, 2004
Σειρά:Gender in history
Θέματα:
Ετικέτες: Προσθήκη ετικέτας
Δεν υπάρχουν, Καταχωρήστε ετικέτα πρώτοι!

MARC

LEADER 00000nam a2200000 i 4500
001 1/87635
008 080604s2004 eng d
020 |a 0-7190-6521-6 (pbk.) 
035 |l 10097921 
040 |a GR-MY-UA  |b gre  |e aacr 
041 0 |a eng 
082 0 |a 305.3109  |2 (22) 
245 1 0 |a Masculinities in politics and war :  |b gendering modern history /  |c edited by Stefan Dudink, Karen Hagemann, and John Tosh 
260 |a Manchester :   |b Manchester University Press,   |c 2004 
300 |a xv, 325 σ.;  |c 23 εκ. 
490 1 |a Gender in history 
500 |a Αποκλειστικός διανομέςας στις ΗΠΑ από Palgrave 
504 |a Περιέχει βιβλιογραφικές παραπομπές και ευρετήριο 
650 0 0 |a Masculinity  |x History. 
650 0 0 |a Masculinity  |x Political aspects. 
650 0 0 |a Masculinity in popular culture. 
650 0 0 |a War and society. 
650 0 0 |a Politics and culture. 
700 1 |a Dudink, Stefan.  |4 edt 
700 1 |a Hagemann, Karen.  |4 edt 
700 1 |a Tosh, John.  |4 edt 
830 0 |a Gender in history 
852 |a INST  |b LESVOS  |e 20080604  |h 305.3109 MAS  |p 005100041596  |q 005100041596  |t BK  |y 0 
901 |a BIBL1-2008-2 
909 |a Λ  |b 143899 
922 |a 1ΕΛΗ  |b 200801  |c ΕΠΕΑΕΚ2/ΤΚΑ  |d ΠΑΠΑΣΩΤΗΡΙΟΥ 
970 |a ΚΑΡΑ  |b ΓΙΑΣΕΜΗ  |z 2008/06/04